00327 a2200109 4500001001000000005001700010008004100027245004000068100002500108773006700133999001700200ART_1832720260410161919.0260409a 10aSíntesis de la reforma impositiva1 aPazos, José Manuel0 tLa informacióng- Tomo XXXIII, Nº 557 (mayo 1976)wREV14902 c27532d27532